UK NIHL Division 1 South (Britton) 2023/24 - Statistics

General Stats
  • This quiz has been taken 4 times
  • The average score is 5 of 8
Answer Stats
Answer % Correct
Invicta Dynamos
100%
Chelmsford Chieftains
67%
Milton Keynes Thunder
67%
Oxford City Stars
67%
Slough Jets
67%
Solent Devils
67%
Streatham Redhawks
67%
Raiders Juniors
33%
No matching quizzes found
Score Distribution
Percent of People with Each Score
Percentile by Number Answered
Your Score History
You have not taken this quiz